000 00500nam a2200169Ia 4500
008 230917s9999||||xx |||||||||||||| ||und||
020 _cRS600
040 _e243948
_aMAIN
041 _aEnglish
082 _a785 D491V
100 _aSharma, Yogita
245 0 _aHindustani shastriya sangeet ke tantri vadyon mein parivartan evam pravritiyan
260 _aNew Delhi
_bKanishka Publishers
_c2008
300 _axi, 238 p.
500 _a2973 12/12/2017 HBD17/7115 12/12/2017 Main Budget
942 _cBK
999 _c24961
_d24961